Illustrated manual flora of Egypt, (Record no. 45344)
[ view plain ]
| 000 -LEADER | |
|---|---|
| fixed length control field | 00784cam a22002651 4500 |
| 001 - CONTROL NUMBER | |
| control field | ne 62001687 |
| 003 - CONTROL NUMBER IDENTIFIER | |
| control field | DLC |
| 005 - DATE AND TIME OF LATEST TRANSACTION | |
| control field | 20260227111738.0 |
| 008 - FIXED-LENGTH DATA ELEMENTS--GENERAL INFORMATION | |
| fixed length control field | 830610m19569999ua a 000 0 eng |
| 010 ## - LIBRARY OF CONGRESS CONTROL NUMBER | |
| LC control number | ne 62001687 |
| 035 ## - SYSTEM CONTROL NUMBER | |
| System control number | (OCoLC)9597439 |
| 040 ## - CATALOGING SOURCE | |
| Original cataloging agency | DLC |
| Transcribing agency | MWalB |
| Modifying agency | MnSU |
| -- | DLC |
| 042 ## - AUTHENTICATION CODE | |
| Authentication code | premarc |
| 043 ## - GEOGRAPHIC AREA CODE | |
| Geographic area code | f-ua--- |
| 050 00 - LIBRARY OF CONGRESS CALL NUMBER | |
| Classification number | QK403 |
| Item number | .M8 |
| 100 1# - MAIN ENTRY--PERSONAL NAME | |
| Personal name | Montasir, 'Abd al-Halim, |
| Dates associated with a name | 1908- |
| 245 10 - TITLE STATEMENT | |
| Title | Illustrated manual flora of Egypt, |
| Statement of responsibility, etc. | by A. H. Montasir [and] M. Hassib. |
| 250 ## - EDITION STATEMENT | |
| Edition statement | 1st ed. |
| 260 ## - PUBLICATION, DISTRIBUTION, ETC. | |
| Place of publication, distribution, etc. | [Cairo] |
| Name of publisher, distributor, etc. | A'in Shams University, Faculty of Science, |
| Date of publication, distribution, etc. | 1956- |
| 300 ## - PHYSICAL DESCRIPTION | |
| Extent | v. |
| Other physical details | illus. |
| Dimensions | 25 cm. |
| 500 ## - GENERAL NOTE | |
| General note | T. P. also in Arabic. |
| 505 0# - FORMATTED CONTENTS NOTE | |
| Formatted contents note | Pt. 1. Dicotyledons. |
| 650 #0 - SUBJECT ADDED ENTRY--TOPICAL TERM | |
| Topical term or geographic name entry element | Botany |
| Geographic subdivision | Egypt. |
| 700 1# - ADDED ENTRY--PERSONAL NAME | |
| Personal name | Hasib, Muhammad, |
| Dates associated with a name | 1908- |
| Relator term | joint author. |
No items available.